| 000 | 00826nam a22002177a 4500 | ||
|---|---|---|---|
| 999 |
_c12088 _d12088 |
||
| 003 | AR-CdUCM | ||
| 008 | 190405b ||||| |||| 00| 0 spa d | ||
| 040 |
_aMUNICIPALIDAD PROVINCIAL DEL CUSCO _cBIBLIOTECA MUNICIPAL DEL CUSCO |
||
| 082 |
_a918.92 / _bA69 / 1923 |
||
| 100 |
_aAzara , Félix de _929638 |
||
| 245 | _aViajes por la América Meridional / | ||
| 260 |
_aMadrid : _bCalpe, _c1923. |
||
| 300 |
_a309 paginas ; _c19 cm. |
||
| 505 | _aContenido :El clima y los vientos --Disposición y calidad de terreno -- De las sales y de los minerales --De alguno de los principales ríos, de los puertos de los peces --De los vegetales silvestres ... | ||
| 650 |
_aMedio ambiente _97215 |
||
| 650 |
_aPlantas _919530 |
||
| 650 |
_aPeces _929773 |
||
| 650 |
_aRios _9918 |
||
| 942 |
_2ddc _cLIBROS |
||
| 945 |
_arjall _d2019-04-05 |
||